| 000 | 01207cam a2200313 i 4500 | ||
|---|---|---|---|
| 001 | 11770616 | ||
| 003 | EG-ScBUE | ||
| 005 | 20250729084624.0 | ||
| 008 | 990817t2000 nyua f bf 001 0 eng d | ||
| 020 | _a0471184306 (acidfree paper) | ||
| 040 |
_aDLC _beng _erda _cDLC _dDLC _dEG-ScBUE |
||
| 082 | 0 | 4 |
_a543.0894 _222 _bFIE |
| 245 | 0 | 0 |
_aField flow fractionation handbook / _cedited by Martin E. Schimpf, Karin Caldwell, J. Calvin Giddings. |
| 264 | 1 |
_aNew York : _bWiley-Interscience, _c[2000] |
|
| 264 | 4 | _cc2000 | |
| 300 |
_axviii, 592 pages : _billustrations ; _c25 cm |
||
| 336 |
_2rdacontent _atext _btxt |
||
| 337 |
_aunmediated _2rdamedia _bn |
||
| 338 |
_avolume _bnc _2rdacarrier |
||
| 504 | _aIncludes bibliographical references and index. | ||
| 650 | 7 |
_aField-flow fractionation. _2BUEsh |
|
| 655 | _vReading book | ||
| 700 | 1 |
_aSchimpf, Martin E., _d1957- _eeditor. |
|
| 700 | 1 |
_aCaldwell, Karin, _d1940- _eeditor. |
|
| 700 | 1 |
_aGiddings, J. Calvin _q(John Calvin), _d1930- _eeditor. |
|
| 856 | 4 | 2 |
_3Publisher description _uhttp://www.loc.gov/catdir/description/wiley037/99045533.html |
| 856 | 4 |
_3Table of Contents _uhttp://www.loc.gov/catdir/toc/onix01/99045533.html |
|
| 942 |
_2ddc _cREFERENCE |
||
| 999 |
_c10657 _d10657 |
||